| 000 | 01091nam a2200289 i 4500 | ||
|---|---|---|---|
| 001 | 000005682 | ||
| 003 | DO-SdBNP | ||
| 005 | 20241203110355.0 | ||
| 007 | ta | ||
| 008 | 090821s1953 dr ac 001 0 spa d | ||
| 040 |
_aDO-SdBNP _bspa _cBNPHU _erda |
||
| 041 | _hspa | ||
| 082 |
_a355.3097293 _bV422s _222 |
||
| 100 | 1 |
_aVega i Pagan, Ernesto _eautor _916057 |
|
| 245 | 1 | 0 |
_aSíntesis histórica de la Guardia Nacional Dominicana : _bgénesis del actual Ejército Nacional / _cErnesto Vega i Pagan. |
| 264 |
_aCiudad Trujillo, República Dominicana : _bAtenas, _c1953. |
||
| 300 |
_a237 páginas : _bilustraciones retratos. ; _c24 cm. |
||
| 336 |
_ardacontent _btexto _2txt |
||
| 337 |
_ardamedia _bsin mediación _2n |
||
| 338 |
_ardacarrier _bvolumen _2nc |
||
| 500 | _aIncluye índice de nombres y notas al pie de las páginas | ||
| 590 | _aInventariado, 2024/DG | ||
| 610 | 1 | 0 |
_aREPÚBLICA DOMINICANA. _bGUARDIA NACIONAL DOMINICANA _xHISTORIA _916058 |
| 651 | 4 |
_aRepública Dominicana _xFuerzas Armadas _xHistoria _910930 |
|
| 910 | _aValidado. Control de calidad. MFF | ||
| 942 |
_2ddc _cLBS1 |
||
| 999 |
_c5479 _d5479 |
||